000 00708cam a22002293a 4500
001 14548
003 PGUSA
005 20140828083318.0
008 050101s2005||||xxu|||||s|||||000 | eng d
040 _aPGUSA
_beng
042 _adc
050 4 _aPR
100 1 _aBeaumont, Francis,
_d1584-1616
245 1 4 _aThe Laws of Candy :
_bBeaumont and Fletcher's Works (3 of 10)
_h[electronic resource] /
_cFrancis Beaumont
260 _bProject Gutenberg,
_c2005
506 _aPublic domain in the USA.
516 _aElectronic text
653 _aEnglish drama -- Early modern and Elizabethan, 1500-1600
830 0 _aProject Gutenberg
_v14548
856 4 0 _uhttp://www.gutenberg.org/ebooks/14548
942 _cEB
999 _c243803
_d243803